LEADER 00967cam0-22003251i-450- 001 990002543710403321 005 20051114113527.0 035 $a000254371 035 $aFED01000254371 035 $a(Aleph)000254371FED01 035 $a000254371 100 $a20030910d1953----km-y0itay50------ba 101 0 $aita 102 $aIT 105 $ay--------001y 200 1 $aLezioni di matematica finanziaria$eelementi di calcolo delle probabilità e di matematica delle assicurazioni sulla vita$fLuigi Lordi 210 $aNapoli$cTreves$d1953 215 $a192 p.$d24 cm 610 0 $aMatematica attuariale 610 0 $aMatematica attuariale$aTeoria generale 676 $a519 700 1$aLordi,$bLuigi$0102520 801 0$aIT$bUNINA$gRICA$2UNIMARC 901 $aBK 912 $a990002543710403321 952 $aMV-A-68$b04542 c$fMAS 952 $aMV-A-67$b04542b$fMAS 959 $aMAS 996 $aLezioni di matematica finanziaria$9437647 997 $aUNINA LEADER 00905nam 2200241z- 450 001 9910741372603321 005 20250815172247.0 035 $a(CKB)5580000000651940 035 $a(EXLCZ)995580000000651940 100 $a20230912c2023uuuu -u- - 101 0 $aeng 200 10$aArtificial Intelligence (AI) and Machine Learning (ML) in Medical Imaging Informatics towards Diagnostic Decision Making 210 $aBasel $cMDPI - Multidisciplinary Digital Publishing Institute$d2023 215 $a1 online resource 311 08$a3-0365-8129-4 517 $aArtificial Intelligence 606 $aArtificial intelligence 615 0$aArtificial intelligence. 700 $aRahman$b Mahmudur$01782468 906 $aBOOK 912 $a9910741372603321 996 $aArtificial Intelligence (AI) and Machine Learning (ML) in Medical Imaging Informatics towards Diagnostic Decision Making$94308700 997 $aUNINA